| 000 | 00484nam a22001697a 4500 | ||
|---|---|---|---|
| 005 | 20260225013011.0 | ||
| 008 | 260225b |||||||| |||| 00| 0 eng d | ||
| 020 | _a0072255595 | ||
| 040 | _cjhcsc | ||
| 082 |
_24 _a620.004'202'85 |
||
| 100 |
_910178 _aMorris Rosenthal _eAuthor |
||
| 245 |
_aBuild Your Own PC _cMorris Rosenthal |
||
| 250 | _aFourth Edition | ||
| 260 |
_aPhilippines _bMcGraw-Hill Companies _cc2004 |
||
| 300 |
_axi, 223 p. _bill. |
||
| 942 |
_2ddc _cBOOK _eFourth Edition |
||
| 999 |
_c11363 _d11363 |
||